Szczegóły MARC21

Aikido /

005 -DATA I CZAS OSTATNIEJ MODYFIKACJI [,]
    • @
    • pole kontrolne
    • 20081210102756.0
020 -Międzynarod. znormalizowany nr książki - ISBN [ , ]
    • a
    • Numer ISBN
    • 8390669374 Find
040 -Instytucja sporządzająca opis [ , ]
    • a
    • Instytucja, która sporządziła opis (NP)
    • SZCZ U/BK
    • c
    • Instytucja, która sporządziła rekord (NP)
    • SZCZ U/BK
    • d
    • Instytucja, która zmodyfikowała rekord (P)
    • SZCZ U/BB
041 -Język dokumentu [1, ]
    • a
    • Język tekstu (P)
    • polski
    • h
    • Język tekstu oryginalnego i/lub pośredniego (P)
    • angielski
044 -Kraj miejsca wydania [ , ]
    • a
    • Kraj miejsca wydania
    • Polska
942 -Rodzaj dokumentu [ , ]
    • c
    • Rodzaj dokumentu
    • Książka
100 -Hasło główne - nazwa osobowa [1, ]
    • a
    • Nazwa osobowa (NP)
    • Saito, Morihiro
    • d
    • Daty biograficzne (NP)
    • (1928-2002).
245 -Strefa tytułu i oznaczenia odpowiedzialności [1,0]
    • a
    • Tytuł
    • Aikido / Find
    • b
    • Ciąg dalszy tytułu (NP)
    • Find
    • c
    • Pozostałe elementy strefy tytułu i oznaczenia odpowiedzialności (NP)
    • Morihiro Saito ; przeł. Marek Matusiak.
250 -Strefa wydania [ , ]
    • a
    • Oznaczenie wydania (NP)
    • Wyd. 2, poszerz.
260 -Strefa adresu wydawniczego [ , ]
    • a
    • Miejsce wydania (P)
    • Bydgoszcz :
    • b
    • Nazwa wydawcy (P)
    • Diamond Books,
    • c
    • Data wydania (P)
    • 2006.
300 -Strefa opisu fizycznego [ , ]
    • a
    • Określenie formy książki i/lub objętość (NP)
    • 207 s. :
    • b
    • Oznaczenie ilustracji (NP)
    • il. ;
    • c
    • Format (NP)
    • 26 cm.
500 -Uwaga ogólna [ , ]
    • a
    • Uwaga ogólna (NP)
    • Na obw. i okł.: teoria i praktyka.
080 -Uniwersalna Klasyfikacja Dziesiętna [ , ]
    • 2
    • Identyfikator wydania tablic
    • UDC-P058
    • a
    • Symbol klasyfikacji
    • 796.853.24
    • b
    • Dopowiedzenie
    • Aikido.
    • x
    • Poddział wspólny
    • (07)
    • b
    • Dopowiedzenie
    • (Wydawnictwa dydaktyczne. Podręczniki).
980 -Symbol UKD [ , ]
    • a
    • UKD
    • 796.853.24(07)
700 -Hasło dodatkowe - nazwa osobowa [1, ]
    • a
    • Nazwa osobowa (NP)
    • Matusiak, Marek. Find
    • e
    • Określenie rodzaju współpracy
    • Tł.
920 -ISBN [ , ]
    • a
    • ISBN
    • 83-906693-7-4 Find
Numer inwentarzowy Data inwentaryzacji Status udost. Lokalizacja Sygnatura
WF.84082008-11-281BMSporty walki 14